skbl

Dr Suryya Kumar Bhuyan Library Web-OPAC
ডঃ সূৰ্য্য
কুমাৰ ভূঞা পুথিভঁৰাল ৱেব-অ'পেক

All Research Scholars are advised to clear the annual library fees to continue using Library Resources, Remote Access, Plagiarism Test and Library Clearance.

Cotton University Book Fair 2026

The Persian Mystics: The Inovations of Sheikh Abdullah Ansari of Heart (1005- 1090) / (Record no. 33470)

MARC details
000 -LEADER
fixed length control field 00715nam a2200253Ia 4500
001 - CONTROL NUMBER
control field 33488
005 - DATE AND TIME OF LATEST TRANSACTION
control field 20240114001649.0
007 - PHYSICAL DESCRIPTION FIXED FIELD--GENERAL INFORMATION
fixed length control field ta
008 - FIXED-LENGTH DATA ELEMENTS--GENERAL INFORMATION
fixed length control field 061222s1939 a g b000 u 465 u
040 ## - CATALOGING SOURCE
Original cataloging agency Cotton College,Assam
041 ## - LANGUAGE CODE
Language code of text/sound track or separate title 465
082 ## - DEWEY DECIMAL CLASSIFICATION NUMBER
Classification number 891.69
Item number Si 64 P
100 ## - MAIN ENTRY--PERSONAL NAME
Personal name Singh, Jogendra .
245 #0 - TITLE STATEMENT
Title The Persian Mystics: The Inovations of Sheikh Abdullah Ansari of Heart (1005- 1090) /
Statement of responsibility, etc. Jogendra Singh.
Medium Textual Documents
250 ## - EDITION STATEMENT
Edition statement 1st ed. /
260 ## - PUBLICATION, DISTRIBUTION, ETC.
Place of publication, distribution, etc. London :
Name of publisher, distributor, etc. John Murray ,
Date of publication, distribution, etc. 1939.
300 ## - PHYSICAL DESCRIPTION
Extent 59p. :
Other physical details ill ;
Dimensions 18cm .
653 ## - INDEX TERM--UNCONTROLLED
Uncontrolled term Persian Mystics
653 ## - INDEX TERM--UNCONTROLLED
Uncontrolled term Mystics-Persian
653 ## - INDEX TERM--UNCONTROLLED
Uncontrolled term G-Bengali
942 ## - ADDED ENTRY ELEMENTS (KOHA)
Source of classification or shelving scheme Dewey Decimal Classification
Koha item type Books
Holdings
Withdrawn status Lost status Damaged status Not for loan Collection Home library Current library Date acquired Coded location qualifier Total checkouts Full call number Barcode Date last seen Copy number Price effective from Koha item type
          Dr. Suryya Kumar Bhuyan Library Dr. Suryya Kumar Bhuyan Library 01/02/2012 00000   891.69 Si 64 P 48177 14/01/2024 1 01/02/2012 Books

Designed and Maintained by Team SKBL
©1901-2026

Powered by Koha